header

Decentering translation studies (Record no. 107282)

MARC details
000 -LEADER
fixed length control field 01452nam a2200349Ia 4500
245 00 - TITLE STATEMENT
Title Decentering translation studies
260 ## - PUBLICATION, DISTRIBUTION, ETC. (IMPRINT)
Place of publication Philadelphia :
Name of publisher John Benjamins Pub. Co.,
Year of publication 2009.
300 ## - PHYSICAL DESCRIPTION
Number of Pages xi, 219 p.
490 1# - SERIES STATEMENT
Series statement Benjamins translation library ;
650 #0 - SUBJECT ADDED ENTRY--TOPICAL TERM
Topical Term Translating and interpreting
Topical Term Indic literature
700 1# - ADDED ENTRY--PERSONAL NAME
Personal name Wakabayashi, Judy.
Personal name Kothari, Rita,
856 40 - ELECTRONIC LOCATION AND ACCESS
Uniform Resource Identifier http://site.ebrary.com/lib/rucke/Doc?id=10355452

No items available.

© 2026 Rongo University
Contact us: librarian | system librarian | Rongo university